=LDR 00000nam 2200000 4500 =001 NUTBA000000000006287 =005 20141201084549.0 =006 =007 =008 =020 ##$$a 918-728-674-6 =035 ##$$a 0010-121400000000011 =040 ##$$a NBPDMAT =082 ##$$a 570.7 =090 ##$$a 570.7 $b Boe b =100 ##$$a Boens Oemajati =245 ##$$a Biologi untuk SMA dan MA kelas x / $c oleh Boens Oemajati =260 ##$$a Jakarta : $b Widya Utama, $c 2008 =300 ##$$a 246 hlm. : $b ilus. ; $c 28 cm. =500 ##$$a Bibliografi : hl. 243 =650 ##$$a Biologi-Studi dan pengajaran